A Guide To Bhagavad Gita/ (Record no. 191305)
[ view plain ]
| 000 -LEADER | |
|---|---|
| fixed length control field | 00682nam a2200205 4500 |
| 005 - DATE AND TIME OF LATEST TRANSACTION | |
| control field | 20220824120348.0 |
| 010 ## - LCCN (DPL NO) | |
| LC control number | ENG-134591 |
| 020 ## - INTERNATIONAL STANDARD BOOK NUMBER | |
| Terms of availability | 125.00 |
| International Standard Book Number | 9789385231551 |
| 035 ## - SYSTEM CONTROL NUMBER | |
| System control number | EN-118123 |
| 037 ## - SOURCE OF ACQUISITION | |
| Source of stock number/acquisition | DBAD/PUB |
| 082 ## - DEWEY DECIMAL CLASSIFICATION NUMBER | |
| Classification number | 181.45 |
| 100 ## - MAIN ENTRY--PERSONAL NAME | |
| Personal name | Rao, K. Aravinda |
| 245 ## - TITLE STATEMENT | |
| Title | A Guide To Bhagavad Gita/ |
| Statement of responsibility, etc | k. Aravinda Rao |
| 260 ## - PUBLICATION, DISTRIBUTION, ETC. (IMPRINT) | |
| Place of publication, distribution, etc | Telangana |
| Name of publisher, distributor, etc | EMESCO BOOKS |
| Date of publication, distribution, etc | 2015 |
| 270 ## - ADDRESS | |
| Address | 1-2-7, Banoo colony, gagan mahal road, Domalguda |
| City | Hyderabad |
| Postal code | 500029 |
| Telephone number | 040-23264028 |
| Fax number | 040-23264028 |
| Electronic mail address | emescobooks@yahoo.com |
| 300 ## - PHYSICAL DESCRIPTION | |
| Extent | 228p. |
| Other physical details | Glossary, index |
| Dimensions | 22cm(pbk) |
| 700 ## - ADDED ENTRY--PERSONAL NAME | |
| Personal name | Cacciamali maria cristina |
| 700 ## - ADDED ENTRY--PERSONAL NAME | |
| Personal name | Rodgers Gerry |
| 942 ## - ADDED ENTRY ELEMENTS (KOHA) | |
| Source of classification or shelving scheme | Dewey Decimal Classification |
| Item type | English Books |
| Classification part | 181.45 |
| Call number suffix | RAO |
| Withdrawn status | Lost status | Not for loan | Collection code | Home library | Current library | Date acquired | Source of acquisition | Cost, normal purchase price | Full call number | Barcode | Copy number | Cost, replacement price | Koha item type |
|---|---|---|---|---|---|---|---|---|---|---|---|---|---|
| Non-fiction | Bawana | Bawana | 24/08/2022 | DBAD/PUB | 125.00 | 181.45 RAO | EN-118123 | 1 | 125.00 | English Books |
